000 nam a22 7a 4500
999 _c10638
_d10638
008 180220b ||||| |||| 00| 0 eng d
100 _aJain,MJ.
_96524
245 _aGeneral Knowledge-VIII
260 _aJalandhar
_bLittle Angels